00334nam a2200145Ia 4500008004100000082001300041100001700054245001900071250000800090260002500098300001200123500002400135650001200159700001700171230524s9999 xx 000 0 und d a420bKUM aV.Sasi Kumar 0aSpoken English a1ST aNEW DELHIbTMHc2005 aXII;201 aQuantity Number: 2 aEnglish a P.V.Dhamija